<?xml version="1.0" encoding="UTF-8"?>
<record
    xmlns:xsi="http://www.w3.org/2001/XMLSchema-instance"
    xsi:schemaLocation="http://www.loc.gov/MARC21/slim http://www.loc.gov/standards/marcxml/schema/MARC21slim.xsd"
    xmlns="http://www.loc.gov/MARC21/slim">

  <leader>03094nam a2200397uu 4500</leader>
  <controlfield tag="001">1305708</controlfield>
  <controlfield tag="005">20260508075124.0</controlfield>
  <controlfield tag="007">co|||||||</controlfield>
  <controlfield tag="008">121114e20121114                    spa  </controlfield>
  <datafield tag="035" ind1=" " ind2=" ">
    <subfield code="a">1305708</subfield>
  </datafield>
  <datafield tag="040" ind1=" " ind2=" ">
    <subfield code="c">comduadb</subfield>
  </datafield>
  <datafield tag="041" ind1=" " ind2=" ">
    <subfield code="a">spa</subfield>
  </datafield>
  <datafield tag="080" ind1=" " ind2=" ">
    <subfield code="a">Q/CD</subfield>
  </datafield>
  <datafield tag="082" ind1=" " ind2="4">
    <subfield code="a">362</subfield>
  </datafield>
  <datafield tag="100" ind1="1" ind2="0">
    <subfield code="a">Chavarria Tapias, Cynthia Marcela</subfield>
    <subfield code="4">aut</subfield>
    <subfield code="e">aut</subfield>
    <subfield code="9">674373</subfield>
  </datafield>
  <datafield tag="245" ind1="1" ind2="0">
    <subfield code="a">Patrones de interacci&#xF3;n y modelos de comunicaci&#xF3;n que se desarrollan al interior del sistema familiar de las personas diagnosticadas con trastorno afectivo depresivo</subfield>
  </datafield>
  <datafield tag="260" ind1=" " ind2=" ">
    <subfield code="a">Medell&#xED;n :</subfield>
    <subfield code="b">[sin publicador],</subfield>
    <subfield code="c">2012.</subfield>
  </datafield>
  <datafield tag="300" ind1=" " ind2=" ">
    <subfield code="a">1 CD-ROM</subfield>
  </datafield>
  <datafield tag="520" ind1="3" ind2=" ">
    <subfield code="a">Este trabajo investigativo, busca identificar los patrones de interacci&#xF3;n y los modelos de comunicaci&#xF3;n que se desarrollan al interior del sistema familiar de las personas diagnosticadas con trastorno afectivo depresivo.
Para &#xE9;ste se realiz&#xF3; inicialmente un rastreo bibliogr&#xE1;fico con el fin de construir un cuerpo te&#xF3;rico sobre el cual fundamentar el proceso de investigaci&#xF3;n. Dicho soporte, contiene cada una de las tem&#xE1;ticas o categor&#xED;as relacionadas con las dimensiones de la familia, la teor&#xED;a de la comunicaci&#xF3;n humana, as&#xED; como la interacci&#xF3;n humana y sus niveles.
Para el desarrollo de este tema, tambi&#xE9;n se realiz&#xF3; un acercamiento a las realidades de cuatro familias, por medio de entrevistas a profundidad, en las que se pudo construir con estas personas, informaci&#xF3;n sobre la manera c&#xF3;mo la familia se ha organizado para afrontar la enfermedad mental, e identificar c&#xF3;mo en &#xE9;ste proceso se han ido desarrollando ciertas actitudes o patrones en la interacci&#xF3;n, los cuales a su vez, van potenciando determinados modelos de comunicaci&#xF3;n. De esta manera se buscaba conocer c&#xF3;mo la teor&#xED;a indagada se hace manifiesta, o se materializa de diversas formas, en la complejidad de los sistemas familiares. 
Todo esto con el fin de brindar aportes a la profesi&#xF3;n, pues se reconoce que la familia ha sido un &#xE1;rea de intervenci&#xF3;n tradicional del trabajo social, y que requiere por tanto ser comprendida y abordada no s&#xF3;lo en sus diferentes dimensiones, sino tambi&#xE9;n entendida desde su condici&#xF3;n din&#xE1;mica, es decir, como un sistema donde se entretejen redes internas y externas; se llevan a cabo procesos relacionales y de interacci&#xF3;n; pero adem&#xE1;s donde hay un flujo constante de informaci&#xF3;n.</subfield>
  </datafield>
  <datafield tag="650" ind1=" " ind2=" ">
    <subfield code="a">Din&#xE1;mica familiar</subfield>
    <subfield code="9">59880</subfield>
  </datafield>
  <datafield tag="650" ind1=" " ind2=" ">
    <subfield code="a">Comunicaci&#xF3;n familiar</subfield>
    <subfield code="9">165370</subfield>
  </datafield>
  <datafield tag="650" ind1=" " ind2=" ">
    <subfield code="a">Depresi&#xF3;n (Psicolog&#xED;a)</subfield>
    <subfield code="9">19795</subfield>
  </datafield>
  <datafield tag="650" ind1=" " ind2=" ">
    <subfield code="a">Familia y enfermedad</subfield>
    <subfield code="9">149217</subfield>
  </datafield>
  <datafield tag="650" ind1=" " ind2=" ">
    <subfield code="a">Estrategias de afrontamiento</subfield>
    <subfield code="9">126522</subfield>
  </datafield>
  <datafield tag="650" ind1=" " ind2="7">
    <subfield code="a">Trabajo social familiar</subfield>
    <subfield code="2">lemb</subfield>
    <subfield code="9">39893</subfield>
  </datafield>
  <datafield tag="650" ind1=" " ind2=" ">
    <subfield code="a">Salud y enfermedad</subfield>
    <subfield code="9">855</subfield>
  </datafield>
  <datafield tag="650" ind1=" " ind2=" ">
    <subfield code="a">Teor&#xED;a de la comunicaci&#xF3;n</subfield>
    <subfield code="9">47912</subfield>
  </datafield>
  <datafield tag="650" ind1=" " ind2=" ">
    <subfield code="a">Modelos de comunicaci&#xF3;n</subfield>
    <subfield code="9">8816</subfield>
  </datafield>
  <datafield tag="650" ind1=" " ind2=" ">
    <subfield code="a">Afrontamiento familiar</subfield>
    <subfield code="9">163154</subfield>
  </datafield>
  <datafield tag="700" ind1="1" ind2="0">
    <subfield code="a">Motta Arrieta, Ingrid Yohanna</subfield>
    <subfield code="4">aut</subfield>
    <subfield code="e">aut</subfield>
    <subfield code="9">666301</subfield>
  </datafield>
  <datafield tag="700" ind1="1" ind2="0">
    <subfield code="a">Arroyave G&#xF3;mez, Martha Cecilia</subfield>
    <subfield code="4">ths</subfield>
    <subfield code="e">ths</subfield>
    <subfield code="9">525586</subfield>
  </datafield>
  <datafield tag="700" ind1="1" ind2="0">
    <subfield code="a">Aguirre Osorio, Luz Edilma</subfield>
    <subfield code="4">ths</subfield>
    <subfield code="e">ths</subfield>
    <subfield code="9">545601</subfield>
  </datafield>
  <datafield tag="942" ind1=" " ind2=" ">
    <subfield code="c">TESIS</subfield>
  </datafield>
  <datafield tag="999" ind1=" " ind2=" ">
    <subfield code="c">626081</subfield>
    <subfield code="d">626081</subfield>
  </datafield>
  <datafield tag="502" ind1=" " ind2=" ">
    <subfield code="b">107</subfield>
    <subfield code="c">12</subfield>
  </datafield>
  <datafield tag="526" ind1=" " ind2=" ">
    <subfield code="a">108</subfield>
  </datafield>
  <datafield tag="952" ind1=" " ind2=" ">
    <subfield code="0">0</subfield>
    <subfield code="1">0</subfield>
    <subfield code="4">0</subfield>
    <subfield code="7">0</subfield>
    <subfield code="8">TESDIGBC</subfield>
    <subfield code="a">BC</subfield>
    <subfield code="b">BC</subfield>
    <subfield code="d">2012-11-14</subfield>
    <subfield code="e">Material adquirido por donaci&#xF3;n</subfield>
    <subfield code="i">C1162189</subfield>
    <subfield code="l">0</subfield>
    <subfield code="o">362.82 C512 CD-ROM</subfield>
    <subfield code="p">92369</subfield>
    <subfield code="r">2023-05-02 00:00:00</subfield>
    <subfield code="t">1</subfield>
    <subfield code="w">2023-05-02</subfield>
    <subfield code="y">DIGITAL</subfield>
  </datafield>
  <datafield tag="952" ind1=" " ind2=" ">
    <subfield code="0">0</subfield>
    <subfield code="1">0</subfield>
    <subfield code="4">0</subfield>
    <subfield code="7">0</subfield>
    <subfield code="8">DIGITAL</subfield>
    <subfield code="a">CISH</subfield>
    <subfield code="b">CISH</subfield>
    <subfield code="d">2012-11-26</subfield>
    <subfield code="e">Material adquirido por donaci&#xF3;n</subfield>
    <subfield code="i">C1163209</subfield>
    <subfield code="l">0</subfield>
    <subfield code="o">Q/CD-09178</subfield>
    <subfield code="p">0626423</subfield>
    <subfield code="r">2023-05-02 00:00:00</subfield>
    <subfield code="t">1</subfield>
    <subfield code="w">2023-05-02</subfield>
    <subfield code="y">DIGITAL</subfield>
  </datafield>
</record>
